| 000 | 00605nam a2200241 a 4500 | ||
|---|---|---|---|
| 001 | nice12345678 | ||
| 003 | IN_TiNIC | ||
| 005 | 20260116011603.0 | ||
| 008 | 050524s1930 oxfa grp 000 0 eng | ||
| 020 |
_a _c0 |
||
| 082 | 0 | 0 |
_a017.927 _bSTO |
| 100 | _aStorey, M A | ||
| 245 | _aCatalogue of the Arabic Manuscripts/ 1.Quran Literature, Vol.2 | ||
| 260 |
_aOxford _bOxford University Press _c1930 |
||
| 300 | _a95p | ||
| 500 | _aincludes index and biblioraphy | ||
| 505 | 2 | _aIndex | |
| 650 | _aCatalogue-Arabic | ||
| 700 | 1 | _aStorey, M A | |
| 902 | _bRBA | ||
| 942 | _cBK | ||
| 999 |
_c2765 _d2765 |
||